000 00692nam a2200265Ia 4500
005 20260121170647.0
008 008 260114s9999 xx 000 0 eng d
020 _a9783319954509
037 _aEBOOK
040 _aCRL
040 _beng
040 _cCRL
041 _2eng
041 _aeng
084 _qCRL
100 _aMahdi H. Miraz, Peter Excell, Andrew Ware, Safeeullah Soomro, Maaruf Ali
_91066604
245 0 _aEmerging Technologies in Computing
260 _bSpringer
260 _bSpringer
260 _c2018
856 _uhttps://link.springer.com/openurl?genre=book&isbn=978-3-319-95450-9
942 _cEBOOK
999 _c1632334
_d1632334